Регионална библиотека "Любен Каравелов" - Русе

Анонимни снайперисти (Запис номер 79567)

MARC детайли
000 -Лидер
Контролно поле с фиксирана дължина 00983nam a2200289 c 4500
003 - Код на организацията, давaща контролен номер
Контролно поле BLK
005 - Дата и час на последна редакция
Контролно поле 20180420224445.0
008 - Елементи от данни с фиксирана дължина
fixed length control field 180408b bul|||||r ||||||| ||bul||
010 ## - Наследен системен номер
LC control number KNG00084041000
020 ## - Международен стандартен номер на книга ISBN
Международен стандартен номер на книга ISBN 954-597-270-Х
-- издат.: Фама
040 ## - Източник на каталожния запис
Идентификатор на билиотеката - собственик на записа BLK
041 ## - Код за език
Код за езика на текст/звукозапис или на отделно заглавие Български
Код за езика КДБФ Български
080 ## - УДК
Текстов определител УДК Българска литература
УДК код - определител по УДК 821.163.2
УДК определител -322.4
УДК - код + определител 821.163.2-322.4
100 1# - Редна дума - Автор
Автор Ранчев, Палми Стоянов
Авторска отговорност първи автор
R(LIN) 247447
139 ## - Редно поле
Редна дума Ранчев, Палми Стоянов
Авторски знак Ранк - Р 36
245 10 - Сведения за заглавието
Заглавие Анонимни снайперисти
Редно поле (дума) Палми Стоянов Ранчев.
257 ## - Страна на издаване
Страна на създаване/издаване България
260 ## - Област на издателските данни
-- София
Име на издателя, разпространителя и проч. Фама
Година на издаване 2006
Печатница София : Унискорп
300 ## - Физическа характеристика
Страници 280 с.
Размери/Мащаб 20 см
380 ## - Жанр
Жанр Худож. лит.
490 1# - СЕРИИ (Колекции)
Име на серия Нова българска проза
852 ## - Местоположение
Форматна сигнатура Цб 240188
856 4# - Електронен адрес и достъп
Електронен формат pdf - файл
Път до файла /url/
856 4# - Електронен адрес и достъп
Електронен формат pdf - файл
Път до файла /url/
942 ## - АРТИКУЛИ
Вид на библиотечния материал Книги
Скрит в OPAC Не
944 ## - СЪЗДАВАНЕ И РЕДАКЦИЯ на ЗАПИСА
Създаване/Редакция Създаване
Дата на регистрацията/редакция 27.05.2008
Служител, извършил регистрацията/редакцията Геновева_Генчева
944 ## - СЪЗДАВАНЕ И РЕДАКЦИЯ на ЗАПИСА
Създаване/Редакция Редакция
Дата на регистрацията/редакция 07.07.2008
Служител, извършил регистрацията/редакцията
999 ## - СИСТЕМНИ КОНТРОЛНИ НОМЕРА
Koha biblionumber 79567
Koha biblioitemnumber 79567
Наличности
Код за отписване Код за изгубен артикул Код за повреда Коз за рестрикции Код за отдаване Артикулен № Име на библиотеката - собственик Име на библиотеката, в която се намира в момента Статус (Текущо местоположение) Дата на вписване в системата Местоположение - отдел Цена в лева Инвентарен номер Систематично азбучна сигнатура Баркод Номер на екземпляра Цена в евро Служебна бележка Служебен тип на артикула
  Не е изгубен Не е повреден без рестрикции ползва се в читалня 128773 Регионална библиотека "Любен Каравелов" Русе Регионална библиотека "Любен Каравелов" Русе Хранилище 2008-05-27 Хранилище 10.00 120000726736 Цб 240188 120000726736 1 5.11 Дост: Dp Вид: Д N: 15 Дата: 12.03.2008 Книги
Vip Innovations Ltd, Rousse, Bulgaria 2025